Atypické pracovné vťahy na trhu práce
Trendy v pracovných vzťahoch, ich historický vývoj a súčasný stav. Základné znaky a pojmy negarantovaných a neformálnych pracovných vzťahov. Aktuálne pracovné javy na trhu práce.
Guardado en:
| Autor principal: | |
|---|---|
| Formato: | Capítulo de libro |
| Lenguaje: | eslovaco |
| Materias: | |
| Etiquetas: |
Sin Etiquetas, Sea el primero en etiquetar este registro!
|
MARC
| LEADER | 00000nla a2200000 4500 | ||
|---|---|---|---|
| 001 | 0166837 | ||
| 005 | 20240223073435.5 | ||
| 041 | 0 | |a slo | |
| 044 | |a SK | ||
| 245 | 1 | 0 | |a Atypické pracovné vťahy na trhu práce |c Vladimír Bačišin |
| 520 | |a Trendy v pracovných vzťahoch, ich historický vývoj a súčasný stav. Základné znaky a pojmy negarantovaných a neformálnych pracovných vzťahov. Aktuálne pracovné javy na trhu práce. | ||
| 610 | 2 | 0 | |a trh práce |
| 610 | 2 | 0 | |a globalizácia |
| 610 | 2 | 0 | |a zamestnanosť |
| 610 | 2 | 0 | |a pohyb síl pracovných |
| 610 | 2 | 0 | |a vzťahy pracovné |
| 610 | 2 | 0 | |a offshoring |
| 610 | 2 | 0 | |a outsourcing |
| 100 | 1 | |a Bačišin, Vladimír | |